000 00734nam a22002411 4500
001 67002
003 ES-MaACL
005 20250806060939.0
007 t|
008 940725s1936 sp ||||0| spa d
016 7 _zIND9400642174
040 _aM-BN
_bspa
_cA2
080 _a340.6
100 1 _aNieto, Gregorio.
_985658
245 1 0 _aIdeas sobre medicina legal /
_cpor Don Gregorio Nieto.
260 _a[S.l.] :
_bEdic. de La Voz Médica ;
_a[Toledo :
_bEdit. Católica Toledana],
_c1936.
300 _a156 p. ;
_c22 cm.
500 _aDatos tomados de la cubierta.
500 _aEs la 1ª parte.
650 1 7 _aMedicina legal
_2embne
_914928
852 _aES-MaACL
_j2170-F-24
_bR.108294
999 _c67002
_d67002